000 00289nam a22001337a 4500
008 170508b xxu||||| |||| 00| 0 eng d
020 _a9780495000952
041 _aeng
080 _29TH
_a343.9
100 _a15
101 _aSHJ
245 _aCRIMINOLOGY
_cBOULEY, E.E
942 _2udc
_cBK
999 _c12936
_d12936